[Event "Orlova op 5th"]
[Site "Orlova"]
[Date "2008.05.21"]
[Round "5"]
[White "Antoshik, Alois"]
[Black "Pilch, Roman"]
[Result "1/2-1/2"]
[WhiteElo "2191"]
[BlackElo "1994"]
[PlyCount "26"]
[EventDate "2008.05.17"]
[EventType "swiss"]
[EventRounds "9"]
[EventCountry "CZE"]
[SourceTitle "EXT 2012"]
[Source "ChessBase"]
[SourceDate "2011.11.24"]
[SourceVersion "1"]
[SourceVersionDate "2011.11.24"]
[SourceQuality "1"]

1. Nf3 Nf6 2. c4 g6 3. Nc3 c5 4. g3 Bg7 5. Bg2 Nc6 6. 0-0 0-0 7. d3 d6 8. Rb1 a6 9. a3 Rb8 10. Ne1 Bd7 11. b4 cxb4 12. axb4 b5 13. cxb5 axb5 1/2-1/2

[Event "CZE-chT1E 0607"]
[Site "Czech Republic"]
[Date "2007.02.04"]
[Round "7.5"]
[White "Antoshik, Alois"]
[Black "Splichal, Stanislav"]
[Result "0-1"]
[WhiteElo "2251"]
[BlackElo "2209"]
[PlyCount "62"]
[EventDate "2006.10.15"]
[EventType "team-tourn"]
[EventRounds "11"]
[EventCountry "CZE"]
[SourceTitle "EXT 2008"]
[Source "ChessBase"]
[SourceDate "2007.11.25"]
[SourceVersion "1"]
[SourceVersionDate "2007.11.25"]
[SourceQuality "1"]

1. Nf3 d5 2. g3 Nf6 3. Bg2 c6 4. 0-0 Bg4 5. c4 e6 6. b3 Nbd7 7. Bb2 Be7 8. h3 Bh5 9. d3 0-0 10. Nbd2 Qc7 11. Rc1 a5 12. Nd4 Qb6 13. cxd5 cxd5 14. a4 Rfc8 15. g4 Bg6 16. Nb5 h5 17. g5 Ne8 18. Nf3 Nd6 19. Bd4 Qd8 20. Nxd6 Bxd6 21. Qd2 e5 22. Ba1 Bb4 23. Qb2 d4 24. Nxd4 Rxc1 25. Rxc1 exd4 26. Qxd4 Bf8 27. h4 Rc8 28. Rc4 Rxc4 29. bxc4 Qc7 30. Qd5 Nc5 31. f4 Qxf4 0-1

[Event "Karvina op"]
[Site "Karvina"]
[Date "2007.??.??"]
[Round "7"]
[White "Kawulok, Marek"]
[Black "Antoshik, Alois"]
[Result "1/2-1/2"]
[WhiteElo "1610"]
[BlackElo "2270"]
[PlyCount "92"]
[EventDate "2007.07.??"]
[EventType "swiss"]
[EventRounds "9"]
[EventCountry "CZE"]
[SourceTitle "EXT 2010"]
[Source "ChessBase"]
[SourceDate "2010.11.25"]
[SourceVersion "1"]
[SourceVersionDate "2010.11.25"]
[SourceQuality "1"]

1. e4 c5 2. Nf3 Nc6 3. d4 cxd4 4. Nxd4 Nf6 5. Nc3 g6 6. Nxc6 bxc6 7. e5 Ng8 8. Bc4 Bg7 9. Qf3 f5 10. Bf4 Rb8 11. 0-0 e6 12. Rfe1 Nh6 13. Rad1 Qc7 14. b3 Nf7 15. Qg3 Bf8 16. h4 Be7 17. Ne2 c5 18. Nc3 a6 19. Na4 Bb7 20. Qe3 Rc8 21. Qg3 Qc6 22. f3 Rg8 23. Bg5 Nxg5 24. hxg5 Kf7 25. Rd2 Rcd8 26. Red1 Rh8 27. Qf4 Qc7 28. g4 Kg7 29. gxf5 gxf5 30. Qh4 Rhg8 31. f4 Kh8 32. Rh2 Rg7 33. Rd3 Qc6 34. Qf2 Rdg8 35. Rg3 Qe4 36. Nc3 Qd4 37. Qxd4 cxd4 38. Na4 Bc6 39. Nb2 Be4 40. Rd2 Bb4 41. Rh2 a5 42. Nd3 Ba3 43. Kf2 Rc8 44. Ke1 Kg8 45. Kd1 Bf8 46. Nc1 Bb4 1/2-1/2

[Event "Karvina op"]
[Site "Karvina"]
[Date "2007.??.??"]
[Round "1"]
[White "Omasta, Dusan"]
[Black "Antoshik, Alois"]
[Result "0-1"]
[WhiteElo "1858"]
[BlackElo "2279"]
[PlyCount "108"]
[EventDate "2007.07.??"]
[EventType "swiss"]
[EventRounds "9"]
[EventCountry "CZE"]
[SourceTitle "EXT 2010"]
[Source "ChessBase"]
[SourceDate "2010.11.25"]
[SourceVersion "1"]
[SourceVersionDate "2010.11.25"]
[SourceQuality "1"]

1. c4 Nf6 2. Nc3 c5 3. g3 Nc6 4. Bg2 g6 5. e3 Bg7 6. Nge2 d6 7. 0-0 Bd7 8. Rb1 Qc8 9. d4 Bh3 10. b3 0-0 11. Bb2 cxd4 12. Nxd4 Nxd4 13. exd4 Bxg2 14. Kxg2 d5 15. Nxd5 Nxd5 16. cxd5 Qd7 17. Qf3 Rfd8 18. Rfe1 Rac8 19. Ba3 Qxd5 20. Qxd5 Rxd5 21. Rxe7 Bf8 22. Rbe1 Bxe7 23. Rxe7 Rxd4 24. Rxb7 Rd2 25. Be7 Rxa2 26. b4 a6 27. Bc5 a5 28. Be3 a4 29. b5 Rb2 30. b6 a3 31. Ra7 a2 32. Bd4 Rb4 33. Be5 Rxb6 34. Rxa2 Re6 35. Bd4 Rd8 36. Be3 Kg7 37. h3 Rd5 38. Ra7 g5 39. Ra4 h5 40. Bd4+ Kg6 41. Be3 Rc6 42. Ra8 f6 43. Rh8 Rc4 44. Rg8+ Kh7 45. Re8 Rc2 46. Re7+ Kg6 47. Re8 Re2 48. Rh8 Rd3 49. Re8 Re1 50. Kf3 Rh1 51. Ke4 Rxe3+ 52. fxe3 Rxh3 53. Rg8+ Kf7 54. Ra8 Rxg3 0-1

[Event "Karvina op"]
[Site "Karvina"]
[Date "2007.??.??"]
[Round "3"]
[White "Snopek, Jiri"]
[Black "Antoshik, Alois"]
[Result "0-1"]
[WhiteElo "1948"]
[BlackElo "2279"]
[PlyCount "72"]
[EventDate "2007.07.??"]
[EventType "swiss"]
[EventRounds "9"]
[EventCountry "CZE"]
[SourceTitle "EXT 2010"]
[Source "ChessBase"]
[SourceDate "2010.11.25"]
[SourceVersion "1"]
[SourceVersionDate "2010.11.25"]
[SourceQuality "1"]

1. Nf3 c5 2. c4 g6 3. g3 Bg7 4. Bg2 Nc6 5. 0-0 Nf6 6. Nc3 0-0 7. e3 d6 8. d4 Bg4 9. h3 Bxf3 10. Bxf3 Nd7 11. Ne2 Qb6 12. Bxc6 bxc6 13. Rb1 Qa6 14. dxc5 Nxc5 15. b4 Qxa2 16. Bb2 Bxb2 17. Qc2 Nd3 18. Nc1 Nxb4 19. Nxa2 Nxc2 20. Rxb2 Na3 21. Rb4 Rfb8 22. Ra4 Nc2 23. Rc1 Rb2 24. Nc3 Nb4 25. Rca1 a6 26. R4a3 Nc2 27. Rxa6 Rxa6 28. Rxa6 Nb4 29. Rb6 Nd3 30. Rxc6 Nxf2 31. h4 Ng4 32. Nd5 e6 33. Nf4 Rb1+ 34. Kg2 Nxe3+ 35. Kf3 Nf5 36. h5 Nd4+ 0-1

[Event "CZE-chT1E 0607"]
[Site "Czech Republic"]
[Date "2006.11.26"]
[Round "3.6"]
[White "Cerveny, Martin"]
[Black "Antoshik, Alois"]
[Result "0-1"]
[WhiteElo "2279"]
[BlackElo "2297"]
[PlyCount "58"]
[EventDate "2006.10.15"]
[EventType "team-tourn"]
[EventRounds "11"]
[EventCountry "CZE"]
[SourceTitle "EXT 2008"]
[Source "ChessBase"]
[SourceDate "2007.11.25"]
[SourceVersion "1"]
[SourceVersionDate "2007.11.25"]
[SourceQuality "1"]

1. d4 c5 2. d5 e5 3. e4 d6 4. Bd3 Be7 5. Ne2 Bg5 6. Nd2 Ne7 7. 0-0 Ng6 8. a4 0-0 9. Nc4 Bxc1 10. Qxc1 b6 11. f4 exf4 12. Nxf4 Ba6 13. Ne3 Bxd3 14. cxd3 Nxf4 15. Rxf4 Nd7 16. Qd2 Ne5 17. Rff1 g6 18. Rac1 Qg5 19. d4 Ng4 20. Rf3 Rae8 21. Qd3 f5 22. h4 Qxh4 23. Nxg4 fxg4 24. Rxf8+ Rxf8 25. Rf1 Rxf1+ 26. Qxf1 cxd4 27. Qf4 d3 28. g3 Qe7 29. Kf2 Qf7 0-1

[Event "CZE-chT2f 0506"]
[Site "Czech Republic"]
[Date "2006.01.15"]
[Round "6.5"]
[White "Ockay, Tomas"]
[Black "Antoshik, Alois"]
[Result "1/2-1/2"]
[WhiteElo "2109"]
[BlackElo "2256"]
[PlyCount "61"]
[EventDate "2005.10.16"]
[EventType "team-tourn"]
[EventRounds "11"]
[EventCountry "CZE"]
[SourceTitle "EXT 2009"]
[Source "ChessBase"]
[SourceDate "2008.11.26"]
[SourceVersion "1"]
[SourceVersionDate "2008.11.26"]
[SourceQuality "1"]

1. Nf3 c5 2. b3 Nf6 3. Bb2 Nc6 4. e3 e6 5. Be2 Be7 6. 0-0 0-0 7. c4 d5 8. d4 cxd4 9. Nxd4 Bd7 10. Nc3 dxc4 11. Bxc4 Nxd4 12. Qxd4 Bc6 13. Qf4 Qa5 14. a4 Rfd8 15. Rfd1 h6 16. Nb5 Bxb5 17. axb5 Rxd1+ 18. Rxd1 Rd8 19. Rxd8+ Qxd8 20. Qd4 Qxd4 21. Bxd4 Nd7 22. e4 b6 23. Kf1 Kf8 24. Ke2 Bf6 25. Be3 Ke7 26. f4 Bb2 27. Kd3 f6 28. b4 e5 29. f5 Kd6 30. Bd5 Nf8 31. Bg8 1/2-1/2

[Event "CZE-chT2f 0506"]
[Site "Czech Republic"]
[Date "2005.12.04"]
[Round "4.5"]
[White "Hromada, Vaclav"]
[Black "Antoshik, Alois"]
[Result "0-1"]
[WhiteElo "2154"]
[BlackElo "2256"]
[PlyCount "154"]
[EventDate "2005.10.16"]
[EventType "team-tourn"]
[EventRounds "11"]
[EventCountry "CZE"]
[SourceTitle "EXT 2009"]
[Source "ChessBase"]
[SourceDate "2008.11.26"]
[SourceVersion "1"]
[SourceVersionDate "2008.11.26"]
[SourceQuality "1"]

1. c4 c5 2. Nf3 g6 3. g3 Bg7 4. Bg2 Nc6 5. Nc3 d6 6. 0-0 Nf6 7. d3 0-0 8. h3 Bd7 9. Rb1 Rb8 10. a3 Nd4 11. Kh2 Nxf3+ 12. Bxf3 Qc8 13. Bg2 Bc6 14. e4 Ne8 15. Be3 Nc7 16. Qd2 Ne6 17. b4 b6 18. Ne2 f5 19. f3 Nd4 20. Nxd4 cxd4 21. Bg5 Rf7 22. Rbe1 e5 23. Rh1 f4 24. gxf4 h6 25. Bh4 Rxf4 26. Bg3 Rf7 27. h4 Qf8 28. Ref1 h5 29. Bh3 Bh6 30. Qe2 Qe7 31. Rhg1 Kh7 32. Be1 Be3 33. Bf2 Bf4+ 34. Kg2 Rbf8 35. Rh1 Bh6 36. b5 Be8 37. Be1 Be3 38. Bd2 Bxd2 39. Qxd2 Rf4 40. Qe1 Qf6 41. Qg3 Rxh4 42. Bg4 Rxh1 43. Rxh1 Qg5 44. Qh4 Qxh4 45. Rxh4 Rf4 46. Rh1 Kh6 47. a4 Kg5 48. Bh3 Rf8 49. a5 Kf4 50. Kf2 g5 51. Bf5 Bf7 52. Ra1 g4 53. axb6 axb6 54. Ra6 g3+ 55. Kg2 h4 56. Bh3 Bh5 57. Rxb6 Bxf3+ 58. Kg1 Rd8 59. Rc6 Ke3 60. Rc8 Rxc8 61. Bxc8 Kxd3 62. b6 Bxe4 63. Bf5 Bxf5 64. b7 h3 65. b8Q h2+ 66. Kg2 Be4+ 67. Kxg3 h1Q 68. Qb3+ Ke2 69. Qb2+ Ke3 70. Qf2+ Kd3 71. Qa2 Qf3+ 72. Kh4 Qf4+ 73. Kh5 Bf3+ 74. Kg6 Be4+ 75. Kh5 Qf3+ 76. Kh4 Qh1+ 77. Kg3 Qg2+ 0-1

[Event "Karvina op"]
[Site "Karvina"]
[Date "2000.??.??"]
[Round "7"]
[White "Antoshik, Alois"]
[Black "Shtyrenkov, Veniamen"]
[Result "1-0"]
[WhiteElo "2241"]
[BlackElo "2511"]
[PlyCount "126"]
[EventDate "2000.??.??"]
[EventType "swiss"]
[EventRounds "10"]
[EventCountry "CZE"]
[SourceTitle "EXT 2006"]
[Source "ChessBase"]
[SourceDate "2005.11.24"]
[SourceVersion "1"]
[SourceVersionDate "2005.11.24"]
[SourceQuality "1"]

1. e4 c5 2. Nf3 Nc6 3. Bb5 g6 4. 0-0 Bg7 5. c3 Nf6 6. d3 0-0 7. Nbd2 Ne8 8. Re1 Nc7 9. Ba4 b5 10. Bb3 b4 11. c4 d6 12. Ba4 Ne5 13. Qe2 Bg4 14. h3 Nxf3+ 15. Nxf3 Bxf3 16. Qxf3 Ne6 17. Qg3 Qa5 18. Bb3 Qb6 19. Rb1 Qc6 20. f4 a5 21. Kh1 Nd4 22. Bd1 e5 23. f5 Qd7 24. Rf1 Qe7 25. Bg4 Kh8 26. Be3 Bf6 27. Qf2 h5 28. Bf3 Bg5 29. Bxd4 cxd4 30. Bxh5 Kg7 31. Bg4 Rh8 32. Qf3 Raf8 33. Rf2 Qf6 34. g3 Be3 35. Rh2 g5 36. Kg2 Rh6 37. Rbh1 Rfh8 38. Qd1 Qe7 39. Qa4 Qc7 40. Rf1 Kf6 41. Rfh1 Kg7 42. Kf3 Kf8 43. a3 bxa3 44. bxa3 Kg7 45. Rb2 Rb8 46. Rxb8 Qxb8 47. Qb5 Qc7 48. Rb1 Rh8 49. Ke2 Rd8 50. a4 f6 51. Bh5 Rd7 52. Qd5 Qd8 53. Rb5 Qh8 54. g4 Qd8 55. Kd1 Kh6 56. Qe6 Kg7 57. Kc2 Rc7 58. Rd5 Qc8 59. Qxc8 Rxc8 60. Rxa5 Rc7 61. Ra6 Bf2 62. Be8 Kf8 63. Bb5 Ke7 1-0

[Event "CZE-chT 9900"]
[Site "Czech Republic"]
[Date "1999.11.21"]
[Round "4"]
[White "Borik, Otto"]
[Black "Antoshik, Alois"]
[Result "1-0"]
[WhiteElo "2416"]
[BlackElo "2230"]
[PlyCount "49"]
[EventDate "1999.10.23"]
[EventType "team-tourn"]
[EventRounds "11"]
[EventCountry "CZE"]
[SourceTitle "EXT 2019"]
[Source "ChessBase"]
[SourceDate "2018.10.10"]
[SourceVersion "1"]
[SourceVersionDate "2018.10.10"]
[SourceQuality "1"]
[WhiteTeam "Praha Holdia"]
[BlackTeam "Karvina SK Banik CSA "]
[WhiteTeamCountry "CZE"]
[BlackTeamCountry "CZE"]

1. Nf3 d5 2. c4 e6 3. d4 c5 4. cxd5 exd5 5. g3 Nf6 6. Bg2 Be7 7. 0-0 0-0 8. Nc3 Nc6 9. dxc5 Bxc5 10. Bg5 d4 11. Bxf6 Qxf6 12. Ne4 Qe7 13. Nxc5 Qxc5 14. Qd2 Rd8 15. Rfd1 Bf5 16. Ne1 Qe7 17. Qf4 Qe5 18. Qxe5 Nxe5 19. Rac1 Rd7 20. Rc5 Re8 21. h3 b6 22. Rb5 Rd6 23. f4 Nc4 24. Rxf5 Rxe2 25. Bf1 1-0

[Event "CZE-chT 9900"]
[Site "Czech Republic"]
[Date "1999.11.20"]
[Round "3"]
[White "Antoshik, Alois"]
[Black "Novak, Pavel"]
[Result "0-1"]
[WhiteElo "2230"]
[BlackElo "2274"]
[PlyCount "52"]
[EventDate "1999.10.23"]
[EventType "team-tourn"]
[EventRounds "11"]
[EventCountry "CZE"]
[SourceTitle "EXT 2019"]
[Source "ChessBase"]
[SourceDate "2018.10.10"]
[SourceVersion "1"]
[SourceVersionDate "2018.10.10"]
[SourceQuality "1"]
[WhiteTeam "Karvina SK Banik CSA "]
[BlackTeam "Plzen"]
[WhiteTeamCountry "CZE"]
[BlackTeamCountry "CZE"]

1. e4 c5 2. Nf3 Nc6 3. d4 cxd4 4. Nxd4 e6 5. Nb5 d6 6. Bf4 e5 7. Be3 Nf6 8. Bc4 Be7 9. N1c3 a6 10. Na3 b5 11. Bd5 Bd7 12. Ne2 0-0 13. c3 Rc8 14. 0-0 Na5 15. Ng3 Nxd5 16. exd5 f5 17. Bd2 Nc4 18. Nxc4 Rxc4 19. f4 Qa8 20. Qc2 Qxd5 21. fxe5 dxe5 22. Rad1 Qe6 23. Bc1 Rg4 24. Qd3 Bc6 25. Rxf5 Rxf5 26. Qxf5 Bc5+ 0-1

[Event "Morava-chT 9899"]
[Site "Czech Republic"]
[Date "1998.??.??"]
[Round "3"]
[White "Antoshik, Alois"]
[Black "Decka, Eliska"]
[Result "1-0"]
[WhiteElo "2190"]
[BlackElo "1980"]
[PlyCount "25"]
[EventDate "1998.??.??"]
[EventType "tourn"]
[EventRounds "11"]
[EventCountry "CZE"]
[SourceTitle "EXT 2000"]
[Source "ChessBase"]
[SourceDate "1999.11.16"]
[SourceVersion "1"]
[SourceVersionDate "1999.11.16"]
[SourceQuality "1"]

1. e4 c5 2. Nf3 d6 3. Bb5+ Bd7 4. Bxd7+ Qxd7 5. 0-0 Nc6 6. c3 d5 7. exd5 Qxd5 8. d4 e6 9. Be3 Rd8 10. Qa4 Bd6 11. c4 Qh5 12. dxc5 Bxc5 13. Qb5 1-0

[Event "Morava-chT 9798"]
[Site "Czech Republic"]
[Date "1998.??.??"]
[Round "6.4"]
[White "Antoshik, Alois"]
[Black "Zabystrzan, Pavel"]
[Result "0-1"]
[WhiteElo "2240"]
[BlackElo "2280"]
[PlyCount "65"]
[EventDate "1997.??.??"]
[EventType "tourn"]
[EventRounds "11"]
[EventCountry "CZE"]
[SourceTitle "EXT 1999"]
[Source "ChessBase"]
[SourceDate "1998.11.16"]
[SourceVersion "1"]
[SourceVersionDate "1998.11.16"]
[SourceQuality "1"]

1. e4 g6 2. Nc3 Bg7 3. g3 c5 4. Bg2 Nc6 5. Nge2 d6 6. d3 e6 7. Be3 Nge7 8. Qd2 h5 9. 0-0 Nd4 10. Nd1 Bd7 11. c3 Nxe2+ 12. Qxe2 h4 13. g4 h3 14. Bh1 f5 15. Bg5 fxg4 16. Qxg4 e5 17. Qg3 Be6 18. Ne3 Qd7 19. Bf3 0-0-0 20. Bg4 Rde8 21. f3 Bh6 22. Bxh6 Rxh6 23. Bxe6 Qxe6 24. Qg4 Kd7 25. Kf2 Rf8 26. Kg3 Nf5+ 27. exf5 gxf5 28. Qa4+ Kc8 29. Kf2 e4 30. Qxa7 Rd8 31. Qa8+ Kc7 32. Qa5+ Kb8 33. dxe4 0-1

[Event "Morava-chT 9798"]
[Site "Czech Republic"]
[Date "1997.??.??"]
[Round "1.5"]
[White "Buchnicek, Petr"]
[Black "Antoshik, Alois"]
[Result "1-0"]
[WhiteElo "2245"]
[BlackElo "2240"]
[PlyCount "65"]
[EventDate "1997.??.??"]
[EventType "tourn"]
[EventRounds "11"]
[EventCountry "CZE"]
[SourceTitle "EXT 1999"]
[Source "ChessBase"]
[SourceDate "1998.11.16"]
[SourceVersion "1"]
[SourceVersionDate "1998.11.16"]
[SourceQuality "1"]

1. e4 c5 2. c3 e6 3. d4 d5 4. e5 Qb6 5. Nf3 Bd7 6. Be2 cxd4 7. cxd4 Bb5 8. 0-0 Bxe2 9. Qxe2 Ne7 10. Nc3 Nec6 11. Be3 Nd7 12. Rfc1 Be7 13. Na4 Qa5 14. b3 a6 15. a3 0-0 16. Bd2 Qb5 17. Qd1 Rac8 18. b4 f6 19. exf6 Bxf6 20. Be3 Ne7 21. Nc5 Nxc5 22. bxc5 Qd7 23. Rab1 Nc6 24. Rb6 Bd8 25. Rb2 Bc7 26. Rcb1 Rb8 27. g3 Na5 28. Bd2 Nc4 29. Rxb7 Rxb7 30. Rxb7 Rxf3 31. Qxf3 Nxd2 32. Qf4 Bxf4 33. Rxd7 1-0